Guardis Zeichnungen im Museum Correr zu Venedig (Record no. 6668)

MARC details
000 -CABECERA
campo de control de longitud fija 00767nam a2200253 a 4500
001 - NÚMERO DE CONTROL
campo de control BRCA_6987
005 - FECHA Y HORA DE LA ÚLTIMA TRANSACCIÓN
campo de control 20190320205652.0
008 - DATOS DE LONGITUD FIJA--INFORMACIÓN GENERAL
campo de control de longitud fija 231111s1943----it-a######---#000-0#eng-#
041 ## - CÓDIGO DE LENGUA
Código de lengua del texto/banda sonora o título independiente eng
044 ## - CÓDIGO DEL PAÍS DE LA ENTIDAD EDITORA/PRODUCTORA
Código MARC del país it
050 #4 - SIGNATURA TOPOGRÁFICA DE LA BIBLIOTECA DEL CONGRESO
Número de clasificación NC258
Número de documento/Ítem .G8 P34 1943
245 10 - MENCIÓN DE TÍTULO
Título Guardis Zeichnungen im Museum Correr zu Venedig
Mención de responsabilidad, etc. Rodolfo Pallucchini.
260 ## - PUBLICACIÓN, DISTRIBUCIÓN, ETC.
Lugar de publicación, distribución, etc. Venecia, Italia
Nombre del editor, distribuidor, etc. D. Guarnati
Fecha de publicación, distribución, etc. 1943
300 ## - DESCRIPCIÓN FÍSICA
Extensión 251 p.
Otras características físicas il., 172 láminas
Dimensiones ?? cm.
500 ## - NOTA GENERAL
Nota general Ejemplar numerado 749 de 5000
500 ## - NOTA GENERAL
Nota general O221
600 14 - PUNTO DE ACCESO ADICIONAL DE MATERIA--NOMBRE DE PERSONA
Nombre de persona Guardi, Francesco
Fechas asociadas al nombre 1742-1793
9 (RLIN) 17390
650 14 - PUNTO DE ACCESO ADICIONAL DE MATERIA--TÉRMINO DE MATERIA
Término de materia o nombre geográfico como elemento de entrada Guardi, Familia
9 (RLIN) 17391
650 14 - PUNTO DE ACCESO ADICIONAL DE MATERIA--TÉRMINO DE MATERIA
Término de materia o nombre geográfico como elemento de entrada Galerías y museos
Subdivisión geográfica Italia
9 (RLIN) 7703
650 14 - PUNTO DE ACCESO ADICIONAL DE MATERIA--TÉRMINO DE MATERIA
Término de materia o nombre geográfico como elemento de entrada Dibujantes italianos
9 (RLIN) 17392
710 2# - PUNTO DE ACCESO ADICIONAL--NOMBRE DE ENTIDAD CORPORATIVA
Nombre de entidad corporativa o nombre de jurisdicción como elemento de entrada Museo Cívico Correr (Venecia)
9 (RLIN) 17393
902 ## - CATALOGADOR
Iniciales GFM
942 ## - ELEMENTOS DE PUNTO DE ACCESO ADICIONAL (KOHA)
Fuente del sistema de clasificación o colocación Library of Congress Classification
Tipo de ítem Koha Libros
Holdings
Estado de retiro Estado de pérdida Estado dañado No para préstamo Localización permanente Ubicación/localización actual Fecha de adquisición Número de inventario Total de préstamos Signatura topográfica completa Código de barras Fecha visto por última vez Precio válido a partir de Tipo de ítem Koha
El ejemplar forma parte de la colección y puede ser consultado según las políticas vigentes.       Biblioteca del Museo Franz Mayer (Rogerio Casas-Alatriste) Biblioteca del Museo Franz Mayer (Rogerio Casas-Alatriste) 23/11/2011 O221   NC258 .G8 P34 1943 (O221) 7434 22/03/2019 22/03/2019 Libros